| 000 | 00416pab a2200145 454500 | ||
|---|---|---|---|
| 008 | 180718b1987 xxu||||| |||| 00| 0 eng d | ||
| 100 | _aDeman, Suresh | ||
| 245 |
_aRegion - regionalisation and regional planning _bReview of techniques |
||
| 260 | _c1987 | ||
| 300 | _a103-19 | ||
| 362 | _aApr. | ||
| 650 | _aRegional Planning | ||
| 773 | _aInternational Journal of Development Planning Literature | ||
| 909 | _a17094 | ||
| 999 |
_c17094 _d17094 |
||